00533nam a22001817a 4500003001100000005001700011008004100028040003900069041000800108082001300116100002100129245004300150260003700193650001100230942000700241952008800248999001500336LK-CoMWRAF20231121143737.0231121b |||||||| |||| 00| 0 eng d aLK-CoMWRAFdLK-CoMWRAFeLK-CoMWRAF aeng a821bGUP aGupta, S. P. Sen aP. B. Shelley's :bA Defence of poetry aBareilly :bPrakash books,c1992 aPoetry cBK 00104070aMAINbMAINd2023-11-21l0o821 GUPpRAF2881r2023-11-21w2023-11-21yBK c4199d4199